|
|
|
|
| LEADER |
00000naa2a2200000 4500 |
| 001 |
607226 |
| 005 |
20240402064730.0 |
| 035 |
|
|
|a (RuTPU)RU\TPU\conf\4607
|
| 035 |
|
|
|a RU\TPU\conf\4596
|
| 090 |
|
|
|a 607226
|
| 100 |
|
|
|a 20140704d2014 k y0rusy50 ca
|
| 101 |
0 |
|
|a rus
|
| 102 |
|
|
|a RU
|
| 105 |
|
|
|a y z 101zy
|
| 135 |
|
|
|a drnn ---uucaa
|
| 181 |
|
0 |
|a i
|
| 182 |
|
0 |
|a b
|
| 200 |
1 |
|
|a Моделирование работы аппаратов установки подготовки газа и газового конденсата в технологии низкотемпературной сепарации
|f М. О. Писарев, И. М. Долганов
|g науч. рук. Е. Н. Ивашкина
|
| 203 |
|
|
|a Текст
|c электронный
|
| 225 |
1 |
|
|a Технология и моделирование процессов подготовки и переработки природных энергоносителей
|
| 300 |
|
|
|a Заглавие с титульного экрана
|
| 320 |
|
|
|a [Библиогр.: с. 82 (2 назв.)]
|
| 337 |
|
|
|a Adobe Reader
|
| 461 |
|
1 |
|0 (RuTPU)RU\TPU\conf\4064
|t Химия и химическая технология в XXI веке
|o материалы XV Международной научно-практической конференции студентов и молодых ученых имени профессора Л.П. Кулёва, Томск, 26-29 мая 2014 г
|o в 2 т.
|d 2014
|
| 463 |
|
1 |
|0 (RuTPU)RU\TPU\conf\4139
|t Т. 2
|v [С. 79-82]
|d 2014
|
| 610 |
1 |
|
|a труды учёных ТПУ
|
| 610 |
1 |
|
|a электронный ресурс
|
| 610 |
1 |
|
|a моделирование
|
| 610 |
1 |
|
|a газовый конденсат
|
| 610 |
1 |
|
|a газовые установки
|
| 610 |
1 |
|
|a технологии
|
| 610 |
1 |
|
|a низкотемпературная сепарация
|
| 700 |
|
1 |
|a Писарев
|b М. О.
|c геолог
|c директор проектно-конструкторского института Томского политехнического университета
|f 1982-
|g Михаил Олегович
|3 (RuTPU)RU\TPU\pers\30633
|
| 701 |
|
1 |
|a Долганов
|b И. М.
|c химик-технолог
|c доцент Томского политехнического университета, кандидат технических наук
|f 1987-
|g Игорь Михайлович
|y Томск
|3 (RuTPU)RU\TPU\pers\25930
|9 11781
|
| 702 |
|
1 |
|a Ивашкина
|b Е. Н.
|c химик-технолог
|c доцент Томского политехнического университета, кандидат технических наук
|f 1983-
|g Елена Николаевна
|4 727
|
| 712 |
0 |
2 |
|a Национальный исследовательский Томский политехнический университет (ТПУ)
|b Институт природных ресурсов (ИПР)
|b Кафедра химической технологии топлива и химической кибернетики (ХТТ)
|3 (RuTPU)RU\TPU\col\18665
|
| 712 |
0 |
2 |
|a Национальный исследовательский Томский политехнический университет (ТПУ)
|b Институт природных ресурсов (ИПР)
|b Центр подготовки и переподготовки специалистов нефтегазового дела (ЦППС НД)
|b Лаборатория геологии месторождений нефти и газа (ЛГМНГ)
|3 (RuTPU)RU\TPU\col\19125
|
| 801 |
|
2 |
|a RU
|b 63413507
|c 20140704
|g RCR
|
| 856 |
4 |
|
|u http://www.lib.tpu.ru/fulltext/c/2014/C27/V2/037.pdf
|
| 942 |
|
|
|c BK
|